Pop Culture Knit-stravaganza Quiz Stats

 Plays Quiz Updated Aug 16, 2016

Challenge
Share
Tweet
Score 0/24 Timer 06:00
2 Plays Today
% Correct
Captain Jack Sparrow
97.6%
Marilyn Monroe
96.4%
Pink Panther
95.5%
Albert Einstein
95.1%
Popeye and Olive Oyl
94.6%
Lady and the Tramp
93.6%
The Beatles
91.2%
Oprah Winfrey
91.2%
Jimi Hendrix
86%
The Golden Girls
85.3%
Ghostbusters
83.7%
Gandalf
83.5%
% Correct
The Exorcist
79.7%
Rocky and Bullwinkle
79.2%
Jabba the Hutt
78.9%
Alien
73.3%
Slash
70.6%
A Clockwork Orange
67.1%
The Goonies
65.7%
Henry VIII and Anne Boleyn
65.1%
Marx Brothers
61.3%
Doctor Octopus
60.3%
Frankenweenie
47.8%
David Bowie
38.5%

You're not logged in!

Compare scores with friends on all Sporcle quizzes.
Join for Free
OR
Log In

You Might Also Like...

Show Comments

Extras

Top Quizzes Today


Score Distribution

Your Account Isn't Verified!

In order to create a playlist on Sporcle, you need to verify the email address you used during registration. Go to your Sporcle Settings to finish the process.

Report this User

Report this user for behavior that violates our Community Guidelines.

Details: